000 00491nam a2200169Ia 4500
008 090201s9999 xx 000 0 und d
010 _aKPL-25057
040 _bमराठी
041 _aमराठी
082 _a45930
_b25057
100 _aमुक्ता केणेकर
245 _aवचन
_cमुक्ता केणेकर
260 _c2005
_bदिलीप प्रकाशन
300 _a264
_bमोठा
600 _aवचन
942 _cBOOK
999 _c242820
_d242820